OGC Nice : les achats les plus onéreux - Statistiques

Statistiques générales
  • Ce quiz a été pris 182 fois
  • Le résultat moyen est 10 sur 20
Statistiques - réponses
Année Club de départ Prix Joueur % Correct
2019 Ajax Amsterdam 20,5M€ Dolberg
97%
2021 AZ Alkmaar 15M€ Stengs
78%
2020 OL 7M€ Gouiri
75%
2021 Montpellier HSC 10M€ Delort
72%
2021 FC Barcelone 8,5M€ Todibo
70%
2019 FC Lorient 13M€ Claude Maurice
65%
2019 Paris SG 12,5M€ Nsoki
59%
2021 PSV 6M€ Rosario
58%
2020 Young Boys Berne 7M€ Lotomba
53%
2022 Angers SCO 7M€ Brahimi
46%
2021 Southampton 5,5M€ Lemina
45%
2018 SC Braga 10M€ Danilo Barbosa
43%
2018 OL 10M€ Maolida
43%
2020 Athletico Paranaense 8M€ Bambu
39%
2017 AS Monaco 10M€ Saint-Maximin
31%
2016 RC Lens 5M€ Cyprien
30%
2006 Esporte Clube Juventude 7,5M€ Ederson
26%
2017 SM Caen 6M€ Makengo
22%
2008 OL 8,5M€ Remy
22%
2018 ESTAC Troyes 5M€ Herelle
20%
Aucun quiz correspondant
Distribution des résultats
% des personnes avec chaque résultat
Percentile par nombre de réponses
Votre historique - résultats
Vous n’avez pas pris ce quiz